Test de Rapidité - Trouve la lettre précedente - Statistiques

Statistiques générales
  • Ce quiz a été pris 75 fois
  • Le résultat moyen est 9 sur 25
Statistiques - réponses
Lettre Lettre
Précédente
% Correct
Y X
51%
E D
49%
F E
43%
D C
40%
N M
40%
W V
40%
Z Y
40%
B A
39%
C B
37%
K J
37%
L K
37%
M L
37%
P O
37%
T S
37%
G F
36%
Q P
36%
R Q
36%
V U
36%
X W
36%
I H
34%
J I
34%
U T
34%
S R
33%
H G
30%
O N
25%
Aucun quiz correspondant
Distribution des résultats
% des personnes avec chaque résultat
Percentile par nombre de réponses
Votre historique - résultats
Vous n’avez pas pris ce quiz